| 000 | 00653 a2200205 4500 | ||
|---|---|---|---|
| 003 | Nust | ||
| 005 | 20170207154050.0 | ||
| 010 | _a 2005053554 | ||
| 020 | _a0849346339 (alk. paper) | ||
| 040 | _cNust | ||
| 082 | 0 | 0 | _a005.1 |
| 100 | 1 | _aKandt, Ronald Kirk. | |
| 245 | 1 | 0 |
_aSoftware engineering quality practices -(E-BOOK) _cRonald Kirk Kandt. |
| 260 |
_aBoca Raton : _bAuerbach Publications, _c2006. |
||
| 300 |
_axxii, 256 p. : _bill. ; _c25 cm. |
||
| 650 | 0 |
_aComputer software _xQuality control. |
|
| 650 | 0 | _aSoftware engineering. | |
| 651 | _aE-BOOK | ||
| 856 | 4 | 2 |
_3Publisher description _uhttp://www.loc.gov/catdir/enhancements/fy0648/2005053554-d.html |
| 942 |
_2ddc _cBK |
||
| 999 |
_c193077 _d193077 |
||